Statystyki dla CO MOŻNA GASIĆ?

Kliknij tutaj aby rozwiązać quiz!

Ogólne statystyki

  • Ten quiz został rozwiązany 296 razy
  • Średni wynik to 3 z 5

Statystyki odpowiedzi

Odpowiedź% Poprawnych
OGIEŃ
91%
PRAGNIENIE
60%
ŚWIATŁO
46%
PAPIEROSA
38%
ZAPAŁ
33%

Rozkład punktacji

Percentyl według liczby udzielonych odpowiedzi

Procent ludzi z każdym wynikiem

Twoja historia wyników

Nie rozwiązałeś tego quizu